Juan del agua
Guardat en:
| Autor principal: | |
|---|---|
| Format: | Llibre |
| Idioma: | espanyol |
| Publicat: |
Valparaíso
Ediciones Universitarias de Valparaíso
1972
|
| Edició: | 1a. ed |
| Col·lecció: | Narrativa e Historia
|
| Matèries: | |
| Etiquetes: |
Afegir etiqueta
Sense etiquetes, Sigues el primer a etiquetar aquest registre!
|
MARC
| LEADER | 00000cam a2200000 a 4500 | ||
|---|---|---|---|
| 001 | UCE4544 | ||
| 003 | CL-VaPUC | ||
| 008 | 141030e19720000cl |||||||||||||||||spa|d | ||
| 082 | 0 | 4 | |a Ch863 |b VUL |2 21 |
| 100 | 0 | |a Vulliamy, Luis |e author |9 360236 | |
| 245 | 1 | 0 | |a Juan del agua |
| 250 | |a 1a. ed | ||
| 300 | |a 120 p | ||
| 942 | |c BK | ||
| 945 | |d 20141030 14:13:00 |a dcastane | ||
| 260 | |a Valparaíso |b Ediciones Universitarias de Valparaíso |c 1972 | ||
| 650 | 0 | |a Novelas chilenas |9 265425 | |
| 650 | 0 | |a Literatura chilena |9 308278 | |
| 583 | |a last modification |c 20141030 14:13:00 |k Rodrigo Vera | ||
| 490 | 0 | |a Narrativa e Historia | |
| 999 | |c 357456 |d 357454 | ||
| 952 | |0 0 |1 0 |3 erb |4 0 |6 CH_863_000000000000000_VUL_1972 |7 0 |8 X |9 465455 |a FDOBUD |b FDOBUD |i 5106036 |o Ch863 VUL 1972 |p 5106036 |r 2019-11-23 |w 2019-11-23 |y BK_X |z Catalogado en:20141030 |k BUD | ||